How I Met Your Mother: Nothing Suits me like a Suit Quiz Stats

 Plays Quiz not verified by Sporcle

Score 0/298 Timer 13:00
0 Plays Today
Character Lyric % Correct
me
100%
no
93.3%
a
93.3%
a
93.3%
a
93.3%
suits
93.3%
like
93.3%
a
93.3%
suit.
93.3%
a
93.3%
a
93.3%
suits
93.3%
like
93.3%
a
93.3%
suit.
93.3%
a
93.3%
a
93.3%
suits
93.3%
a
93.3%
Barney:Suits.
93.3%
suits
93.3%
Barney:Suits.
93.3%
a
93.3%
suit?
93.3%
Barney:Abbadabada
93.3%
suits.
93.3%
no
93.3%
suits
93.3%
suits
93.3%
like
93.3%
a...
93.3%
Suit!
93.3%
Barney:I
86.7%
I
86.7%
not
86.7%
thing
86.7%
not.
86.7%
you
86.7%
Nothing
86.7%
Nothing
86.7%
I
86.7%
I
86.7%
you
86.7%
you
86.7%
you
86.7%
you
86.7%
you
86.7%
you
86.7%
you
86.7%
nothing
86.7%
That
80%
girl
80%
was
80%
hot.
80%
be
80%
be
80%
That
80%
that
80%
That
80%
that
80%
That
80%
girl
80%
that
80%
hot.
80%
know
73.3%
what
73.3%
you're
73.3%
thinkin'
73.3%
'What's'
73.3%
Barney
73.3%
been
73.3%
drinkin'?'
73.3%
smoking
73.3%
is
73.3%
can
73.3%
What
73.3%
your
73.3%
Ted:What
73.3%
your
73.3%
Robin:What
73.3%
Lily:What
73.3%
your
73.3%
your
73.3%
your
73.3%
know
73.3%
is
73.3%
but
66.7%
she
66.7%
To
66.7%
but
66.7%
to
66.7%
the
66.7%
nines.
66.7%
world
66.7%
the
66.7%
the
66.7%
the
66.7%
oh
66.7%
so
66.7%
The
66.7%
Character Lyric % Correct
to
66.7%
to
66.7%
Marshall:Oh
66.7%
to
66.7%
world
66.7%
on
66.7%
but
66.7%
on
66.7%
the
66.7%
to
66.7%
the
66.7%
the
66.7%
it...
66.7%
she
66.7%
Yes
60%
coulda
60%
her
60%
it's
60%
one
60%
would
60%
just
60%
rather
60%
dressed
60%
It's
60%
truth
60%
can't
60%
and
60%
well
60%
dressed.
60%
in
60%
and
60%
in
60%
in
60%
In
60%
if
60%
would
60%
do
60%
if
60%
and
60%
would
60%
if
60%
in
60%
would
60%
one
60%
chicks
60%
Barney:It's
60%
if
60%
It's
60%
go
60%
and
60%
one
60%
go
60%
nailed
53.3%
failure
53.3%
'Cuz
53.3%
there's
53.3%
score
53.3%
ten
53.3%
fine
53.3%
I'd
53.3%
boys
53.3%
Picture
53.3%
all
53.3%
girls
53.3%
are
53.3%
baby
53.3%
with
53.3%
lollipop.
53.3%
lady
53.3%
cop
53.3%
kinda
53.3%
cute.
53.3%
'em
53.3%
They're
53.3%
with
53.3%
or
53.3%
out
53.3%
want
53.3%
them
53.3%
pot
53.3%
of
53.3%
gold?
53.3%
say
53.3%
away,
53.3%
return
53.3%
never
53.3%
grow
53.3%
old?
53.3%
million
53.3%
or
53.3%
peace
53.3%
there.
53.3%
Lily.
53.3%
out
53.3%
of
53.3%
Girls
53.3%
girls
53.3%
there's
53.3%
theres
53.3%
are
53.3%
Character Lyric % Correct
'Cuz
53.3%
of
53.3%
refute.
46.7%
where
46.7%
guy
46.7%
who's
46.7%
daddy
46.7%
navy,
46.7%
blue
46.7%
black.
46.7%
Check
46.7%
this
46.7%
rack.
46.7%
give
46.7%
squeeze.
46.7%
really?
46.7%
Then
46.7%
answer
46.7%
these
46.7%
questions
46.7%
please.
46.7%
had
46.7%
choose
46.7%
between
46.7%
gave
46.7%
you'd
46.7%
moot.
46.7%
were
46.7%
reach...
46.7%
I'm
46.7%
Come
46.7%
head
46.7%
ass.
46.7%
Three!
46.7%
come
46.7%
I'm
46.7%
Then
46.7%
jacket
40%
tie,
40%
80's
40%
dude
40%
mutton
40%
chops,
40%
Wingman
40%
perfect
40%
issues.
40%
perfect
40%
pick:
40%
single
40%
three-piece
40%
gonna
40%
stop
40%
right
40%
Get
40%
will
40%
will
40%
only
40%
absolute.
40%
Every
40%
bro
40%
needs
40%
sorry
40%
let's
40%
make
40%
My
40%
Sunday
40%
best
40%
my
40%
best
40%
Send
40%
casual
40%
Friday
40%
delivery
33.3%
puppy
33.3%
double-breast.
33.3%
wear.
33.3%
way
33.3%
snare
33.3%
within
33.3%
Two!
33.3%
Four!
33.3%
substitute.
33.3%
amends.
33.3%
friends.
33.3%
down
33.3%
laundry
33.3%
chute.
33.3%
undisputed
33.3%
wait
33.3%
for
33.3%
again
33.3%
pretty
33.3%
impeccably
26.7%
debonair.
26.7%
accepted
20%
oft-saluted
20%
suitor
20%
repute
20%

You're not logged in!

Compare scores with friends on all Sporcle quizzes.
OR
Log In

Show Comments

Extras

Top Quizzes Today


Score Distribution

Your Account Isn't Verified!

In order to create a playlist on Sporcle, you need to verify the email address you used during registration. Go to your Sporcle Settings to finish the process.

Report this User

Report this user for behavior that violates our Community Guidelines.

Details: